000 00918nam a2200265 i 4500
001 142607
003 ES-MaACL
005 20250819063104.0
007 t|
008 071009s1973 sp |||| | cat d
080 _a338(467.1)"17"(04)
080 _a946.71"17"(04)
100 1 _aVilar, Pierre,
_d1906-2003
_9114800
245 1 0 _aAssaigs sobre la Catalunya del segle XVIII /
_cde Pierre Vilar ; traduits per Eulalia Durán.
260 _aBarcelona :
_bCurial,
_c1973.
300 _a179 p. ;
_c18 cm.
490 1 _aBiblioteca de cultura catalana ;
_v5
651 4 _aCataluña-
_xSituación social-
_yS.XVIII.
_9167751
651 4 _aCataluña-
_xSituación económica-
_yS.XVIII.
_9167750
651 4 _aCataluña-
_xHistoria-
_yS.XVIII.
_98022
700 1 _aDurán, Eulàlia.
_946179
830 0 _aBiblioteca de cultura catalana ;
_v5
_9178600
852 _aES-MaACL
_jC-52892
999 _c142607
_d142607